[Event "Barcelona Sant Marti op-B 22nd"]
[Site "Barcelona"]
[Date "2022.07.17"]
[Round "5"]
[White "Navas Martin, Jordi"]
[Black "Subirana Santos, Marc"]
[Result "1/2-1/2"]
[WhiteElo "1736"]
[BlackElo "1559"]
[PlyCount "126"]
[EventDate "2022.07.13"]
[EventType "swiss"]
[EventRounds "9"]
[EventCountry "ESP"]
[SourceTitle "CBM 210 Extra"]
[Source "ChessBase"]
[SourceDate "2022.11.30"]
[SourceVersion "1"]
[SourceVersionDate "2022.11.30"]
[SourceQuality "1"]

1. d4 Nf6 2. c4 g6 3. Nc3 Bg7 4. e4 d6 5. f3 0-0 6. Be3 Nc6 7. Qd2 a6 8. Nge2 Rb8 9. Nf4 e5 10. dxe5 dxe5 11. Nfd5 Nxd5 12. cxd5 Nd4 13. Bd3 f5 14. Rc1 fxe4 15. Bxe4 Bf5 16. 0-0 Bd7 17. Bg5 Qe8 18. Rfe1 Bf5 19. Be3 Qd8 20. Ne2 Nb5 21. Rc2 Nd6 22. Qd3 Qh4 23. Ng3 Bxe4 24. fxe4 Rf7 25. Rec1 Rc8 26. Bc5 Nb5 27. Bb6 Bh6 28. Rf1 Rxf1+ 29. Qxf1 Rf8 30. Qc4 Nd6 31. Qxc7 Rc8 32. Qxc8+ Nxc8 33. Rxc8+ Kf7 34. Rc7+ Ke8 35. d6 Bg5 36. Rxb7 Qg4 37. d7+ Kf8 38. Rb8+ Kf7 39. d8Q Bxd8 40. Rxd8 Qe6 41. Bc5 Qxa2 42. Rf8+ Ke6 43. b4 a5 44. bxa5 Qxa5 45. Be3 Qe1+ 46. Nf1 Qb1 47. Rh8 h5 48. h3 Qxe4 49. Rf8 Qb4 50. Rf3 e4 51. Rf4 Ke5 52. Nd2 Qa3 53. Rxe4+ Kf5 54. Rf4+ Ke5 55. Rf3 Qa1+ 56. Kh2 Qe1 57. h4 Qxh4+ 58. Kg1 Qe1+ 59. Nf1 Qa5 60. Bf2 g5 61. Re3+ Kf6 62. Ng3 h4 63. Ne4+ Kg6 1/2-1/2

[Event "Barcelona Sant Marti op-B 22nd"]
[Site "Barcelona"]
[Date "2022.07.16"]
[Round "4"]
[White "Tortosa Moros, Joan"]
[Black "Navas Martin, Jordi"]
[Result "1/2-1/2"]
[WhiteElo "1547"]
[BlackElo "1736"]
[PlyCount "65"]
[EventDate "2022.07.13"]
[EventType "swiss"]
[EventRounds "9"]
[EventCountry "ESP"]
[SourceTitle "CBM 210 Extra"]
[Source "ChessBase"]
[SourceDate "2022.11.30"]
[SourceVersion "1"]
[SourceVersionDate "2022.11.30"]
[SourceQuality "1"]

1. e4 g6 2. d4 Bg7 3. Nc3 d6 4. f4 Nd7 5. Nf3 c5 6. Be3 Nh6 7. h3 Qa5 8. Qd2 f5 9. Bd3 cxd4 10. Bxd4 e5 11. fxe5 dxe5 12. Bf2 0-0 13. 0-0-0 Nc5 14. Bc4+ Kh8 15. Bxc5 Qxc5 16. Bb3 Nf7 17. Bxf7 Rxf7 18. Qd8+ Rf8 19. Qd2 b5 20. Qd5 Qxd5 21. exd5 b4 22. Ne2 Ba6 23. Rhe1 Rac8 24. Ng3 e4 25. Nd4 Bd3 26. Nc6 Bh6+ 27. Kb1 Bc4 28. Nxb4 a5 29. Nc6 a4 30. Rd4 Bxd5 31. Ne7 Bxa2+ 32. Kxa2 Rxc2 33. Re2 1/2-1/2